书目信息 |
| 题名: |
文学理论新编
|
|
| 作者: | 童庆炳 主编 ;陈太胜 撰稿 | |
| 分册: | ||
| 出版信息: | 北京 北京师范大学出版社 2005.11 |
|
| 页数: | 592页 | |
| 开本: | 23cm | |
| 丛书名: | 新世纪高等学校教材 | |
| 单 册: | ||
| 中图分类: | I0-43 | |
| 科图分类: | ||
| 主题词: | 文学理论--wen xue li lun--高等学校--教材 | |
| 电子资源: | ||
| ISBN: | 7-303-03461-7 | |
| 000 | 01082nam 2200301 450 | |
| 001 | CAL 012006008552 | |
| 005 | 20111223123055.26 | |
| 010 | @a7-303-03461-7@dCNY46.00 | |
| 100 | @a20060215d2005 em y0chiy0121 ea | |
| 101 | 0 | @achi |
| 102 | @aCN@b110000 | |
| 105 | @aach a 001yy | |
| 200 | 1 | @a文学理论新编@Awen xue li lun xin bian@f主编童庆炳@g撰稿陈太胜 ... [等] |
| 205 | @a第2版@b修订版 | |
| 210 | @a北京@c北京师范大学出版社@d2005.11 | |
| 215 | @a592页@c图, 肖像, 摹真@d23cm | |
| 225 | 2 | @a新世纪高等学校教材@Axin shi ji gao deng xue xiao jiao cai@i中国汉语言文学专业丛书 |
| 311 | @a本书1995年初版题名: 文学概论新编 | |
| 320 | @a有书目和索引 | |
| 410 | 0 | @12001 @a新世纪高等学校教材 |
| 410 | 0 | @12001 @a中国汉语言文学专业丛书 |
| 488 | 0 | @12001 @a文学概论新编@1210 @a北京@c北京师范大学出版社@d1995@1701 @a童庆炳 |
| 606 | 0 | @a文学理论@Awen xue li lun@x高等学校@j教材 |
| 690 | @aI0-43@v4 | |
| 701 | 0 | @a童庆炳@Atong qing bing@4主编 |
| 702 | 0 | @a陈太胜@Achen tai qing@4撰稿 |
| 801 | 0 | @aCN@bZZRC@c20111223 |
| 905 | @a郑州市财税学校图书馆@dI0-43@eT8501=2@f3 | |
| 文学理论新编/主编童庆炳/撰稿陈太胜 ... [等].-第2版,修订版.-北京:北京师范大学出版社,2005.11 |
| 592页:图, 肖像, 摹真;23cm.-(新世纪高等学校教材.中国汉语言文学专业丛书) |
| ISBN 7-303-03461-7:CNY46.00 |
| ● |
| 相关链接 |
|
|
|
正题名:文学理论新编
索取号:I0-43/T8501=2
 
预约/预借
| 序号 | 登录号 | 条形码 | 馆藏地/架位号 | 状态 | 备注 |
| 1 | 1064750 | 210647503 | 文学库108/108文学库 1排2列4层/ [索取号:I0-43/T8501=2] | 在馆 | |
| 2 | 1064751 | 210647512 | 文学库108/108文学库 1排2列4层/ [索取号:I0-43/T8501=2] | 在馆 | |
| 3 | 1064752 | 210647521 | 文学库108/108文学库 1排2列4层/ [索取号:I0-43/T8501=2] | 在馆 |